000 00555nam a2200193Ia 4500
005 20250508154919.0
008 008 250505s9999 xx 000 0 eng d
037 _aTextual
040 _aFEDL
_beng
_cFEDL
041 _aeng
_2eng
084 _a370, STE
_qFEDL
100 _aStephens J. M.
_9764214
245 0 _aProcess of schooling : A psychological examination
260 _aNew York, USA
_bHolt, Rinehart and Winston
_c1967
300 _aviii,168p.
650 _aEducation
942 _cTEXL
_h370, STE
999 _c1352786
_d1352786